01399nam a2200313 a 450000100100000000500170001000800410002704000250006804100390009308200170013210000340014924000490018324500930023226000290032530000210035449000320037553400580040750400600046565000270052565000310055265000280058370000340061183000390064504900090068495201210069395201270081495201270094199900170106800002337520200930022156.0101203s1971 sp 000 0 spa d aDO-SdBNPbspacBNPHU17aspaheng2Código de idiomas MARC a874.4bW782q1 aWinspear, A. D.,d191194815210aLucretius and scientific thought.lEspañol10aQué ha dicho verdaderamente Lucrecio /cA. D. Winspear ; traducción Natalia Calamai. aMadrid :bDoncel,c1971. a169 p. ;c21 cm.1 aQué es verdaderamente.v2 aTítulo original :tLucretius and scientific thought aIncluye notas al pie de las páginas y bibliografía. 4aPoesía latina931496 4aLiteratura clásica93148 4aLiteratura latina931471 aCalamai, Natalia,etr.948153 0aQué es verdaderamente.v2917012 aBNGR 001054708MOaGRbGRcCTd2010-12-03iLF1l0o874.4 W782qp23375-10r2020-06-25w2020-06-25y4ZPréstamo en sala 001054728MOaGRbGRcCTd2010-12-03iLF1l0o874.4 W782qp23375-20r2020-06-25te. 2w2020-06-25y4ZPréstamo en sala 001054708MOaGRbGRcCTd2010-12-03iLF1l0o874.4 W782qp23375-30r2020-06-25te. 3w2020-06-25y4ZPréstamo en sala c22872d22872